000 01253nam a22002297a 4500
999 _c63935
_d63935
003 Ge_BSU
005 20260225153039.0
008 260225s1952 ge ||||| |||| 00| 0 geo d
041 _ageo
080 _a330.1(014) გ-92
100 _aგუგუშვილი, პაატა
_93880
245 _aეკონომიკური ტერმინოლოგიისა და მეცნიერული თარგმანისათვის /
_cპაატა გუგუშვილი; საქ. სსრ მეცნ. აკადემია.
264 _aთბილისი :
_b საქ. სსრ მეცნ. აკად. გამ-ბა და სტ.,
_c1952.
300 _a104 გვ. ;
_b20 სმ.
504 _aბიბლიოგრ. შენიშვნებში.
653 _aჭავჭავაძე, ილია
653 _aრუსულ-ქართული ურთიერთობები
653 _aეკონომიკური ტერმინოლოგია.
653 _aმეცნიერული თარგმანი.
700 _aახვლედიანი, გ. ს.
_eრედაქტორი
_926967
942 _2udc
_cᲬᲘᲒᲜᲘ